000 00537nam a2200181Ia 4500
005 20250508161612.0
008 008 250505s9999 xx 000 0 eng d
037 _aTextual
040 _aFEDL
_beng
_cFEDL
041 _aeng
_2eng
084 _a371.36, MIC
_qFEDL
100 _aMichael William B Ed.
_9771018
245 0 _aTeaching for creative endeavor: Bold new venture
260 _aBloomington
_bIndiana University Press
_c1968
300 _axiii,362p.
942 _cTEXL
_h371.36, MIC
999 _c1371058
_d1371058